|
|
|
|
| LEADER |
00000naa a2200000uu 4500 |
| 001 |
vtls011085044 |
| 003 |
SK-MaSNL |
| 005 |
20260302105115.0 |
| 008 |
210905|1996 xo |||||||||||||||||slo| |
| 015 |
|
|
|a SNBRA
|
| 035 |
|
|
|a (urnnbn)urn:nbn:sk:snk:ar-a0clpb
|
| 035 |
|
|
|a (uuid)897200f0-c2fe-426c-ac6c-badbe3aa96ba
|
| 035 |
|
|
|a urn:nbn:sk:snk-aavrla
|
| 040 |
|
|
|a SNKBUCL
|b slo
|c SNKBUCL
|e AACR2
|
| 041 |
0 |
|
|a slo
|
| 044 |
|
|
|a xo
|c SK
|
| 100 |
1 |
|
|a Bujňák, Ján
|4 aut
|9 783269
|
| 245 |
1 |
0 |
|a POŽIARNA ODOLNOSŤ SPRIAHNUTÉHO TRÁMU
|c Ján Bujňák
|
| 773 |
0 |
|
|t Kovové konštrukcie a mosty, súčasný stav a perspektívy rozvoja
|d Žilina : Vysoká škola dopravy a spojov, 1996
|g S. 69-74
|z 8071003573
|
| 958 |
|
|
|a OND
|
| 958 |
|
|
|a article12
|
| 958 |
|
|
|a chapter
|
| 999 |
|
|
|c 1237407
|d 1239337
|